| 000 | 00652nam a22002057a 4500 | ||
|---|---|---|---|
| 003 | OSt | ||
| 005 | 20251029025136.0 | ||
| 008 | 251029b |||||||| |||| 00| 0 eng d | ||
| 020 | _a971-0388-54-7. | ||
| 040 |
_aDWCL-Main lib _cOC |
||
| 082 | _aFil. 174.2 P123h 2008 | ||
| 100 | _aPadilla, Reynaldo A. | ||
| 245 |
_aHealth ethics : _ba college textbook for the health-care professions _cPadilla, Reynaldo A. |
||
| 260 |
_aMakati City : _bBookquick Marketing, _cc2008. |
||
| 300 |
_axiv, 245 pages ; _c22 cm. |
||
| 504 | _aIncludes bibliographical references. | ||
| 650 | _21. Ethics. | ||
| 651 | _22. Medical ethics. | ||
| 942 |
_2ddc _cBK - FIL _kFil. _n0 |
||
| 999 |
_c5272 _d5272 |
||